LEADER 02133nam 2200625 a 450 001 9910454526403321 005 20200520144314.0 010 $a1-282-15270-X 010 $a9786612152702 010 $a90-272-9205-1 035 $a(CKB)1000000000535117 035 $a(OCoLC)647673090 035 $a(CaPaEBR)ebrary10196553 035 $a(SSID)ssj0000189047 035 $a(PQKBManifestationID)11181228 035 $a(PQKBTitleCode)TC0000189047 035 $a(PQKBWorkID)10156005 035 $a(PQKB)10364170 035 $a(MiAaPQ)EBC622756 035 $a(Au-PeEL)EBL622756 035 $a(CaPaEBR)ebr10196553 035 $a(CaONFJC)MIL215270 035 $a(EXLCZ)991000000000535117 100 $a20070628d2007 uy 0 101 0 $aeng 135 $aurcn||||||||| 181 $ctxt 182 $cc 183 $acr 200 14$aThe language of pain$b[electronic resource] $eexpression or description? /$fChryssoula Lascaratou 210 $aAmsterdam ;$aPhiladelphia $cJohn Benjamins Pub. Co.$dc2007 215 $a1 online resource (251 p.) 225 1 $aConverging evidence in language and communication research,$x1566-7774 ;$vv. 9 300 $aBibliographic Level Mode of Issuance: Monograph 311 $a90-272-3896-0 320 $aIncludes bibliographical references (p. [197]-205) and indexes. 410 0$aConverging evidence in language and communication research ;$vv. 9. 606 $aPsycholinguistics$xData processing 606 $aPain$xData processing 606 $aLexicology$xData processing 606 $aGreek language, Modern$xPsychological aspects$xData processing 608 $aElectronic books. 615 0$aPsycholinguistics$xData processing. 615 0$aPain$xData processing. 615 0$aLexicology$xData processing. 615 0$aGreek language, Modern$xPsychological aspects$xData processing. 676 $a410.1/9 700 $aLascaratou$b Chryssoula$0780862 801 0$bMiAaPQ 801 1$bMiAaPQ 801 2$bMiAaPQ 906 $aBOOK 912 $a9910454526403321 996 $aThe language of pain$92189706 997 $aUNINA LEADER 02198nam0 22005053i 450 001 RAV0106327 005 20251003044324.0 020 $aIT$b69-8009 100 $a20090609d1969 ||||0itac50 ba 101 | $aita 102 $ait 181 1$6z01$ai $bxxxe 182 1$6z01$an 183 1$6z01$anc$2RDAcarrier 200 1 $aEconomia$eanalisi introduttiva$fPaul A. Samuelson$gtraduzione di Achille Agnati e Anna Bagiotti 205 $a6. ed 210 $a[Torino]$cUnione tipografico-editrice torinese$dstampa 1969 215 $aXXIII, 1056 p.$critr.$d26 cm. 225 | $aSociologi ed economisti$v15 410 0$1001RAV0015155$12001 $aSociologi ed economisti$v15 500 10$aEconomics.$3CFI0050272$9CFIV005606$93008293 606 $aEconomia$xTeorie$2FIR$3CFIC002608$9E 676 $a330$9SCIENZE ECONOMICHE$v12 676 $a330$9Economia$v22 676 $a330$9ECONOMIA$v23 676 $a330.153$9$v21 696 $aEconomia reale$aAttivitą economiche$aAspetti economici 699 $aEconomia$yEconomia reale 699 $aEconomia$zAttivitą economiche 699 $aEconomia$zAspetti economici 700 1$aSamuelson$b, Paul A.$3CFIV005606$4070$0440036 702 1$aAgnati$b, Achille$3CFIV029831 702 1$aBagiotti$b, Anna$3RAVV030781 790 1$aSamuelson$b, Paul Anthony$3SBNV098765$zSamuelson, Paul A. 790 1$aSamuelson$b, Paul Abraham$3UTOV565611$zSamuelson, Paul A. 801 3$aIT$bIT-000000$c20090609 850 $aIT-BN0095 $aIT-AV0003 $aIT-NA0079 901 $bNAP 01$cPOZZO LIB.$nVi sono collocati fondi di economia, periodici di ingegneria e scienze, periodici di economia e statistica e altri fondi comprendenti documenti di economia pervenuti in dono. 901 $bNAP AR$cP. CICCONE$nDONAZIONE 901 $bNAP BN$cS.AMER. $nAcquisti sezione americana 912 $aRAV0106327 950 0$aBiblioteca Centralizzata di Ateneo$c1 v.$d 01POZZO LIB.ECON MON 7395$e 0101 0700277485E VMA 1 v. (precedente collocazione 27 EC 748)$fB $h20220803$i20220803 977 $a 01$a AR$a BN 996 $aEconomics$93008293 997 $aUNISANNIO